Library Logo

Pioneer International University Library Catalogue

The war over the family : (Record no. 6240)

MARC details
000 -LEADER
fixed length control field 00600cam a2200193 a 4500
005 - DATE AND TIME OF LATEST TRANSACTION
control field 20250901165601.0
008 - FIXED-LENGTH DATA ELEMENTS--GENERAL INFORMATION
fixed length control field 821210s1983 nyu b 001 0 eng
010 ## - LIBRARY OF CONGRESS CONTROL NUMBER
LC control number 82045237
020 ## - INTERNATIONAL STANDARD BOOK NUMBER
International Standard Book Number 0385180012
020 ## - INTERNATIONAL STANDARD BOOK NUMBER
International Standard Book Number 0385180063 (pbk.)
050 00 - LIBRARY OF CONGRESS CALL NUMBER
Classification number HQ734 .B56 1983
Item number .B56 1983
082 00 - DEWEY DECIMAL CLASSIFICATION NUMBER
Classification number 306.8/5
Edition information 19
100 1# - MAIN ENTRY--PERSONAL NAME
Personal name Berger, Brigitte,
Dates associated with a name 1928-
245 14 - TITLE STATEMENT
Title The war over the family :
Remainder of title capturing the middle ground /
Statement of responsibility, etc. by Brigitte Berger and Peter L. Berger.
250 ## - EDITION STATEMENT
Edition statement 1st ed.
260 ## - PUBLICATION, DISTRIBUTION, ETC.
Place of publication, distribution, etc. Garden City, N.Y. :
Name of publisher, distributor, etc. Anchor Press/Doubleday,
Date of publication, distribution, etc. 1983.
300 ## - PHYSICAL DESCRIPTION
Extent ix, 252 p. ;
Dimensions 22 cm.
942 ## - ADDED ENTRY ELEMENTS (KOHA)
Source of classification or shelving scheme Dewey Decimal Classification
Holdings
Withdrawn status Lost status Source of classification or shelving scheme Damaged status Not for loan Home library Current library Shelving location Date acquired Total checkouts Full call number Barcode Date last seen Price effective from Koha item type
    Library of Congress Classification     Main Library Main Library   11/08/2023   HQ734 .B56 1983 PIU0012094 11/08/2023 11/08/2023 Books